000 01454cad a22002415a 4500
001 L156859
008 120723s2012 xxk f 000 0 eng d
035 _a(Sirsi) u156859
041 0 _aeng
110 2 _aConstruction Products Association
_94104
245 0 0 _aLearning legacy
_blessons learned from the London 2012 Games construction project
_h[electronic resource]
260 _aLondon
_bConstruction Products Association
_c2012
505 _aContext: innovation in the construction industry -- Setting a framework for innovation -- Achievements -- Remaining challenges -- Recommendations -- Case studies
520 _aA report looking at the role of the construction supply chain in delivering sustainable solutions on the Olympic Park. This learning legacy paper investigates innovation in the construction industry to set the context for the Park project, the processes that were put in place by the ODA to foster innovation, how the supply chain responded, and the overall achievements and remaining challenges. Illustrated through ten case studies.
590 _aKA NTK
650 2 4 _aOLYMPIC GAMES 2012
651 4 _aUnited Kingdom
_y
690 _aConstruction management
_96230
690 _aSustainability
_96271
710 1 _aBRE
856 4 0 _uhttps://www.constructionproducts.org.uk/news/press-releases/display/view/olympics-legacy-at-ecobuild/
_zView the report (pdf) free of charge at www.constructionproducts.org.uk
942 _n0
999 _c114454
_d114454